Stati per Indice di pace globale - Statistics

Statistiche generali
  • Questo quiz è stato fatto 12 volte
  • Il punteggio medio è 5 su 10
Statistiche sulle risposte
Indice di pace globale (Punteggio) Continente Nazione % Corretto
1,339 Europa Svizzera
100%
1,124 Europa Islanda
64%
1,336 Asia Giappone
55%
1,313 Oceania Nuova Zelanda
55%
1,316 Europa Austria
45%
1,333 Europa Portogallo
45%
1,31 Europa Danimarca
36%
1,312 Europa Irlanda
36%
1,332 Asia Singapore
27%
1,334 Europa Slovenia
18%
Nessun quiz corrispondente trovato
Distribuzione punteggi
Percentuale di utenti per punteggio
Percentile per numero di risposta
I tuoi punteggi nel tempo
Non hai fatto questo quiz